000 01039cab a2200277 4500
001 WB3126-35
008 090401t1995 xxu||||| |||| 00| 0 eng d
035 _a(Sirsi) u22430
041 _aeng
245 _aNegligent valuation
260 _c1995
350 _a0
490 _aEstates Gazette Case Summaries
_v(1995) EGCS 113(1) (1/7/95)
520 _a"Craneheath Securities Ltd v York Montague Ltd" CA 16 June 1995. The bank, having lost its loan, secured by a charge on a hotel, sold for less than the valuation on which the bank had relied, claimed the valuation had been negligent. CA dismissed the appeal as the bank was unable to show that the valuation was wrong. (See WB3011-46)
650 _aCHARGE ON PROPERTY
650 _aMARGIN OF ERROR
650 _aNEGLIGENCE
650 _aOPEN MARKET VALUE
650 _aOVER-VALUATION
650 _aRICS GUIDANCE NOTES
650 _aSTATEMENTS OF ASSET VALUATION
650 _aVALUERS
690 _aRATING AND VALUATION-CASE LAW
942 _n0
948 _c04/03/1997
999 _c15026
_d15026